000 00272nam a2200133Ia 4500
100 _aMiller/Michael
650 _aCloud computing
942 _cBK
245 _aCloud Computing
260 _bPearson Education
_c2008
082 _bMIL
546 _aENGLISH
999 _c25754
_d25754